书目信息 |
| 题名: |
农业基础
|
|
| 作者: | 赵正恭 主编 | |
| 分册: | ||
| 出版信息: | 长春 东北师范大学出版社 1998 |
|
| 页数: | 408页 | |
| 开本: | 20厘米 | |
| 丛书名: | ||
| 单 册: | ||
| 中图分类: | S1 | |
| 科图分类: | 65.2 | |
| 主题词: | 农学--师范大学--教材 | |
| 电子资源: | ||
| ISBN: | 7-5602-0405-8 | |
| 000 | 00694nam0 2200253 45 | |
| 001 | 0191018113 | |
| 005 | 20070611152319.45 | |
| 010 | @a7-5602-0405-8@dCNY13.00 | |
| 100 | @a19910730d1998 em y0chiy0121 ea | |
| 101 | 0 | @achi |
| 102 | @aCN@b220000 | |
| 105 | @ay z 000yy | |
| 200 | 10 | @a农业基础@ANONG YE JI CHU@f赵正恭主编@FZHAO ZHENG GONG ZHU BIAN |
| 205 | @a2版@b修订本 | |
| 210 | @a长春@c东北师范大学出版社@d1998 | |
| 215 | @a408页@d20厘米 | |
| 300 | @a全国高等师范专科学校教材 | |
| 540 | 1 | @a农业@ANONG YE |
| 606 | @a农学@x师范大学@x教材 | |
| 690 | @aS1 | |
| 692 | @a65.2 | |
| 701 | 0 | @a赵正恭@AZHAO ZHENG GONG@4主编 |
| 801 | 0 | @aCN@bTSSF@c20070611 |
| 905 | @a10447@dS1@e61=2 | |
| 农业基础/赵正恭主编.-2版,修订本.-长春:东北师范大学出版社,1998 |
| 408页;20厘米 |
| 全国高等师范专科学校教材 |
| ISBN 7-5602-0405-8:CNY13.00 |
| ● |
| 相关链接 |
|
|
|
|
正题名:农业基础
索取号:S1/61=2
 
预约/预借
| 序号 | 登录号 | 条形码 | 馆藏地/架位号 | 状态 | 备注 |
| 1 | 0628790 | 206287908 | 第二样本阅览室/ [索取号:S1/61=2] | 在馆 | |
| 2 | 0628791 | 206287917 | 密集书库/ [索取号:S1/61=2] | 在馆 | |
| 3 | 0628792 | 206287926 | 密集书库/ [索取号:S1/61=2] | 在馆 | |
| 4 | 0628793 | 206287935 | 密集书库/ [索取号:S1/61=2] | 在馆 | |
| 5 | 0628794 | 206287944 | 密集书库/ [索取号:S1/61=2] | 在馆 |